| 000 | 00399nam a2200157 a 4500 | ||
|---|---|---|---|
| 005 | 20140414093840.0 | ||
| 008 | 071008s19uu xx 00 eng d | ||
| 050 |
_aVCD 940 _bDOC |
||
| 245 | _aDoctor Zhivago. | ||
| 260 |
_aSl : _bWarner Brothers. |
||
| 300 | _a3 videodisks | ||
| 650 |
_aSoviet Union history _x1905 _xRevolution _x Fiction. |
||
| 650 | _aFilm. | ||
| 942 | _cAVM | ||
| 999 |
_c109234 _d109234 |
||